Statistics for Cancer Drugs

Click here to take the quiz!

General Stats

  • This quiz has been taken 22 times
  • The average score is 4 of 28

Answer Stats

HintAnswer% Correct
estogen inhibitortamoxifen
80%
targets CD20 on B-cellsrituximab
70%
targets HER-2Trastuzumab
70%
inhibitor of the tyrosine kinase domain of Bcr-Abl (philadelphia chromosome)imatinib
60%
Beta tubulin assemblyvincristine
40%
targets VEGR (required for angiogenesis)bevacizumab
30%
potent inhibitor of angiogenesisthalidomide
20%
intercalates DNA, inhibits topo 2, chelates irondoxorubicin
10%
topoisomerase II inhibitor (toxicity includes myelosuppression and 2nd leukemia)etoposide
10%
targets CTLA-4ipilmumab
10%
targets PD-1 on T-cellsnivolumab
10%
topoisomerase 1 inhibitor (DLT myelosuppression)topotecan
10%
androgen inhibitorbicalutamide
0%
binds DNA, resulting in single and double strand breaks following free radical formation and inhibition of DNA sythesisbleomycin
0%
inhibits proteosomebortezumab
0%
interacts with DNA at GC sitesdactinomycin
0%
GnRH antagonist that causes testosterone suppressiondegarelix
0%
TKI that targets EGFRerlotinib
0%
topoisomerase I inhibitor (active metabolite SN38)irinotecan
0%
aromatase inhibitorletrozole
0%
agonist at pituitary GnRH receptors; leads to testosterone suppresionleuprolide
0%
intercalates DNA, inhibits topoisomerase 2, no free radical formationmitoxantrone
0%
beta tubulin- no disassemblypaclitaxel
0%
inhibitor of CDK-4, CDK-6, and inactivates RB proteinpalbociclib
0%
TKI that inhibits VEGF and RAFsorafenib
0%
multiple receptor tryosine kinase inhibitor (inhibits VEGFR, PDGFR)sunitinib
0%
mTor inhibitortemsirolimus
0%
BRAF inhibitorvemuramab
0%

Score Distribution

Percentile by Number Answered

Percent of People with Each Score

Your Score History

You have not taken this quiz